000 00394nam a22001457a 4500
003 SGT
082 _a343.099
_bRAO
100 _aRAO JAGANNADHA GVS
245 _aETHICS CODE FOR SOCIAL MEDIA OTT AND DIGITAL MEDIA
250 _a1
260 _aHYDERABAD
_bASIA LAW HOUSE
_c2021
300 _aXVI ,232
653 _aSOCIAL MEDIA ,OTT ,DIGITAL MEDIA ,DIGITAL MEDIA ETHICS CODE
942 _2ddc
_cBK
999 _c22385
_d22385